Revitalizácia koryta toku a priľahlého územia v okolí bývalého vodného mlyna.
Salvato in:
| Autore principale: | |
|---|---|
| Altri autori: | |
| Natura: | Manoscritto Libro |
| Lingua: | slovacco |
| Pubblicazione: |
2016
|
| Soggetti: | |
| Accesso online: | http://is.stuba.sk/zp/portal_zp.pl?podrobnosti=117532 https://opac.crzp.sk/?fn=detailBiblioForm&sid=1F2DA89437FD0082884DA2DF5675 |
| Tags: |
Nessun Tag, puoi essere il primo ad aggiungerne!!
|
MARC
| LEADER | 00000ntm a22000003a 4500 | ||
|---|---|---|---|
| 001 | stuzp56298 | ||
| 003 | SK-STU | ||
| 005 | 20231009125146.0 | ||
| 007 | ta | ||
| 008 | 150427s2015----xo-----f-mn---000-0-slo-d | ||
| 040 | |a STU |b slo | ||
| 041 | 0 | |a slo | |
| 100 | 1 | |a Šajermanová, Beáta |u 010160 |4 aut |U SvF Stavebná fakulta |T SvF Katedra vodného hospodárstva krajiny |X 7356 |U V160 |Y 16 |7 A000007356 | |
| 242 | 0 | 1 | |a Restoration of the river channel and places near the former water mill |y eng |
| 245 | 1 | 0 | |a Revitalizácia koryta toku a priľahlého územia v okolí bývalého vodného mlyna. |
| 260 | |c 2016 | ||
| 650 | 4 | |a Dopjerov mlyn |2 slo | |
| 650 | 4 | |a náhon |2 slo | |
| 650 | 4 | |a revitalizácia |2 slo | |
| 650 | 4 | |a prietok |2 slo | |
| 650 | 4 | |a krajinársky návrh |2 slo | |
| 650 | 4 | |a channel |2 eng | |
| 650 | 4 | |a discharge |2 eng | |
| 650 | 4 | |a landscape design |2 eng | |
| 650 | 4 | |a Dopyer´s mill |2 eng | |
| 650 | 4 | |a restoration |2 eng | |
| 700 | 1 | |a Škrinár, Andrej |u 010160 |k Z2 |4 ths |U SvF Stavebná fakulta |T SvF Katedra vodného hospodárstva krajiny |X 635 |U V160 |Y 16 |7 A000000635 | |
| 856 | 4 | |u http://is.stuba.sk/zp/portal_zp.pl?podrobnosti=117532 | |
| 856 | 4 | |u https://opac.crzp.sk/?fn=detailBiblioForm&sid=1F2DA89437FD0082884DA2DF5675 | |
| SQL | |a stuzp56298 |b DDP |c SLO |d Revitalizácia koryta toku a priľahlého územia v okolí bývalého vodného mlyna. |e 7356 |f Šajermanová, Beáta |g 010160 |h 635 |i Škrinár, Andrej |j 20160615 |k 580 |l 01 |m http://is.stuba.sk/zp/portal_zp.pl?podrobnosti=117532 |n I-KKP |o 6.1.11. krajinárstvo | ||